000 00709nam a22002417a 4500
003 BPGM
005 20260702203957.0
008 260702b2014 mx o|||| |||| 00| 0 spa d
040 _aBPGM
_bspa
041 _aspa
_hspa
082 0 4 _aCQ / 917.2452 /
_bZ66
100 _aDURAN PEÑALOZA, MARIA DE LOURDES
245 _aZONAS Y TRADICIONES DE QUERÉTARO
260 _aMEXICO:
_c2014.
300 _a350 páginas
_c32.2 cm x 21 cm
336 _2rdacontent
_atexto
_btxt
337 _2rdamedia
_asin mediación
_bn
338 _2rdacarrier
_avolumen
_bnc
650 _aGEOGRAFÍA E HISTORIA
650 _aGEOGRAFÍA Y VIAJES
650 _aGEOGRAFÍA DE Y VIAJES EN AMÉRICA DEL NORTE
942 _2ddc
_cCOLQ
999 _c68742
_d68742